The naked anthropologist : tales from around the world

Αποθηκεύτηκε σε:
Λεπτομέρειες βιβλιογραφικής εγγραφής
Άλλοι συγγραφείς: DeVita, Philip R., 1932- (Επιμελητής έκδοσης)
Μορφή: Βιβλίο
Γλώσσα:English
Δημοσίευση: Belmont, Calif. : Wadsworth Publishing Company, 1992.
Σειρά:(The Wadsworth Modern Anthropology Library)
Θέματα:
Ετικέτες: Προσθήκη ετικέτας
Δεν υπάρχουν, Καταχωρήστε ετικέτα πρώτοι!

MARC

LEADER 00000nam a2200000 a 4500
001 1/127583
008 231026s1992####cau| ||| |||| ||eng||
020 |a 0534162665 
040 |a GR-MyUa  |b gre  |c GR-MyUa  |e AACR2 
041 0 |a eng 
082 7 |a 306.092  |2 (23) 
245 0 4 |a The naked anthropologist :   |b tales from around the world /   |c edited by Philip R. DeVita.  
260 |a Belmont, Calif. :   |b Wadsworth Publishing Company,   |c 1992.  
300 |a 263 σ. ;   |c 23 εκ.  
490 0 |a (The Wadsworth Modern Anthropology Library) 
600 1 0 |a Cook, Edwin A. 
650 0 |a Ethnology  |x Fieldwork. 
650 0 |a Ethnologists  |z United States  |v Biography. 
700 1 |a DeVita, Philip R.,   |d 1932-  |e edt 
852 |a INST  |b LESVOS  |e 20231026  |h 306.092 NAK  |p 005100065741  |q 005100065741  |t BK  |y 0 
970 |a Δημάκη  |b Μαρία  |z 26-10-2023